| 000 | 00974cam a2200289 a 4500 | ||
|---|---|---|---|
| 008 | |||
| 020 | _a0865428425 (hbk.) | ||
| 049 | _aMAIN | ||
| 090 |
_aRC386 _bLIS |
||
| 100 | 1 | _aLishman, William Alwyn. | |
| 245 | 1 | 0 |
_aOrganic psychiatry : _bthe psychological consequences of cerebral disorder / _cWilliam Alwyn Lishman. |
| 250 | _a3rd ed. | ||
| 260 |
_aOxford : _bBlackwell Science, _c1998. |
||
| 300 |
_axxiii, 922 p. : _bill. (some col.) ; _c28 cm. |
||
| 500 | _aIncludes index. | ||
| 504 | _aIncludes bibliographical references. | ||
| 650 | 0 | _aNeuropsychiatry. | |
| 650 | 0 |
_aNeurobehavioral disorders _xEtiology. |
|
| 650 | 0 |
_aBrain _xDiseases _xComplications. |
|
| 650 | 2 |
_aDelirium, Dementia, Amnestic, Cognitive Disorders _xetiology. |
|
| 650 | 2 |
_aBrain Diseases _xcomplications. |
|
| 907 |
_a.b10330288 _b15-05-13 _c08-05-13 |
||
| 003 | |||
| 005 | 20230120204123.0 | ||
| 040 | _cNUST | ||
| 942 |
_cBOOKS _kRC386 _mLIS |
||
| 999 |
_c117465 _d117465 |
||